000 00830nam a2200193 i 4500
001 157849
003 ES-MaACL
005 20250713063720.0
008 990419s1889 sp |||| | spa d
040 _aCCPB | B
_bspa
_cCCPB | B
100 1 _aLlauradó, Andrés,
_d1840-1899
_9129002
245 1 0 _aCanales
_b: conclusiones formuladas sobre el tema y discurso pronunciado en su apoyo /
_cpor Andrés Llauradó.
260 _aMadrid :
_b[s.n.],
_c1889 (
_fImprenta de Moreno y Rojas)
300 _a12 p. ;
_c25 cm.
594 _aPrecede al tít.: Congreso Económico Nacional de Barcelona.
650 4 _aCanales de riego.
_9135717
852 _aES-MaACL
_jT-532-F-6
_z-- Enc. hol., conservando la cub. original
_z-- An. ms.: ded. del autor al Ateneo de Madrid
_z-- Enc. en un vol. facticio
999 _c157849
_d157849